banner koha

Alternativas para a agregação de valor aos resíduos da industrialização de peixe (Registro n. 217229)

MARC details
000 -LÍDER
campo de controle de tamanho fixo 00990nas a2200313 4500
001 - NÚMERO DE CONTROLE
campo de controle BR2011006922
003 - IDENTIFICADOR DO NÚMERO DE CONTROLE
campo de controle BR-BrBNA
005 - DATA E HORÁRIO DA ÚLTIMA TRANSAÇÃO
campo de controle 20231205120141.0
007 - CAMPO FIXO DE DESCRIÇÃO FÍSICA--INFORMAÇÃO GERAL
campo de controle de tamanho fixo ta
008 - CAMPO DE DADOS FIXOS--INFORMAÇÃO GERAL
campo de controle de tamanho fixo 230509b bl.|||p| |||| 00| 00por d
040 ## - FONTE DA CATALOGAÇÃO
Instituição da catalogação original BR-BrBNA
Idioma da catalogação por
Instituição que transcreveu o registro Biblioteca Nacional de Agricultura
041 ## - CÓDIGO DE IDIOMA
Código do idioma do texto/trilha sonora ou título diferente (Pt)
072 ## - CÓDIGO DE CATEGORIA DE ASSUNTO
Código de Categoria de Assunto Q70
100 1# - ENTRADA PRINCIPAL--NOME PESSOAL
Nome pessoal Feltes, M.M.C.
100 1# - ENTRADA PRINCIPAL--NOME PESSOAL
Nome pessoal Correia, J.F.G.
100 1# - ENTRADA PRINCIPAL--NOME PESSOAL
Nome pessoal Beirão, L.H.
100 1# - ENTRADA PRINCIPAL--NOME PESSOAL
Nome pessoal Block, J.M.
100 1# - ENTRADA PRINCIPAL--NOME PESSOAL
Nome pessoal Ninow, J.L.
100 1# - ENTRADA PRINCIPAL--NOME PESSOAL
Nome pessoal Spiller, V.R.
245 1# - TÍTULO
Título Alternativas para a agregação de valor aos resíduos da industrialização de peixe
650 ## - ASSUNTO--TERMO TÓPICO
Cabeçalho tópico ou nome geográfico INDÚSTRIA ALIMENTÍCIA
650 ## - ASSUNTO--TERMO TÓPICO
Cabeçalho tópico ou nome geográfico SUBPRODUTO
650 ## - ASSUNTO--TERMO TÓPICO
Cabeçalho tópico ou nome geográfico ÓLEO
650 ## - ASSUNTO--TERMO TÓPICO
Cabeçalho tópico ou nome geográfico VALOR NUTRITIVO
773 0# - ENTRADA ANALÍTICA
Título Revista Brasileira de Engenharia Agrícola e Ambiental (Brazil)
ISSN - International Standard Serial Number ISSN 1807-1929
Partes relacionadas (Jun 2010), v.14(6) p. 669-677
Número de controle do registro BR2011006922
856 40 - LOCALIZAÇÃO ELETRÔNICA E ACESSO
Uniform Resource Identifier <a href="http://www.scielo.br/pdf/rbeaa/v14n6/a14v14n6.pdf">http://www.scielo.br/pdf/rbeaa/v14n6/a14v14n6.pdf</a>
909 ## -
-- 202311
-- Lúcia
-- 55
-- Lúcia Elande
942 ## - ELEMENTOS DE ENTRADA ADICIONADOS (KOHA)
Fonte da classificação ou esquema de arquivamento na estante Classificação AGRIS
Ocultar no OPAC Não
Tipo de material Koha Analítica
Exemplares
Situação do descarte Fonte da classificação ou esquema de arquivamento na estante Situação física Não pode ser emprestado Biblioteca de origem Biblioteca atual Localização na estante Enumeração do periódico / cronologia Total de empréstimos Data de último acesso Número do exemplar Tipo de material Koha Fonte de aquisição
  Classificação AGRIS   Consulta local Biblioteca Nacional de Agricultura - Binagri Biblioteca Nacional de Agricultura - Binagri   (Jun 2010), v.14(6) p. 669-677   29/11/2023 01 Periódicos Portaria Interministerial nº 164/94

BINAGRI

Telefone: (61)3218-2567/2388/3357/2097 - binagri@agro.gov.br

Ministério da Agricultura e Pecuária , Esplanada dos Ministérios, Bloco D, Anexo B, Brasília/DF, CEP: 70.043-900